The demotic verbal system /

محفوظ في:

المؤلف الرئيسي: Johnson, Janet H (مؤلف)

التنسيق: كتاب

اللغة: English

منشور في: Chicago : Oriental Institute of the University of Chicago, 1976.

سلاسل: Studies in Ancient Oriental Civilization ; 38.
SAOC ; 38.

الموضوعات:

الوسوم: إضافة وسم

لا توجد وسوم, كن أول من يضع وسما على هذه التسجيلة!

رقم الطلب: DS57 .C5 v.38

LEADER 00954namaa2200289 4500
001 3508
003 OSt
005 20260312073852.0
008 130303s1976 ilu b 000 0 eng d
010 |a 76044966 
040 |c ARCE Library 
050 4 |a DS57 .C5 v.38 
100 1 |a Johnson, Janet H,  |e author 
245 1 4 |a The demotic verbal system /  |c by Janet H. Johnson. 
264 1 |a Chicago :  |b Oriental Institute of the University of Chicago,  |c 1976. 
300 |a xv, 344 pages ;  |c 25 cm. 
490 1 |a Studies in Ancient Oriental Civilization ;   |v 38. 
490 1 |a SAOC ;   |v 38. 
500 |a Based on part of the author's thesis, University of Chicago. 
500 |a Errata slip inserted. 
504 |a Bibliography : pages 333-344. 
650 0 |a Egyptian language  |y Demotic, ca. 650 B.C.-450 A.D.  |x Verb. 
830 0 |a Studies in Ancient Oriental Civilization ;   |v 38. 
830 0 |a SAOC ;   |v 38. 
901 |a reviewed 
942 |c BK  |2 lcc 
999 |c 7326  |d 7326